000 00571nam a2200205Ia 4500
005 20250923145345.0
008 008 250917s9999 xx 000 0 eng d
037 _aTextual
040 _aDSWL
_beng
_cDSWL
041 _aeng
_2eng
084 _aYX;5-H.2, N76;2
_qDSWL
100 _aSharma, K.M.
_9834444
245 0 _aSocial Assistance in India
_c by K.M. Sharma
260 _aDelhi
_bMacmillan
_c1976
300 _ax,119p.
365 _aINR
_b31 . 50
925 _g31 . 50
942 _cTEXL
_hYX;5-H.2, N76;2
999 _c1450407
_d1450407